| 000 | 00500pab a2200181 454500 | ||
|---|---|---|---|
| 008 | 180718b1997 xxu||||| |||| 00| 0 eng d | ||
| 100 | _aMoran, Michael | ||
| 245 | _aTechnology, American democracy and health care | ||
| 260 | _c1997 | ||
| 300 | _ap.573-94 | ||
| 362 | _aOct | ||
| 650 | _aMedical care - United States | ||
| 650 | _aHealth care - United States | ||
| 650 | _aHealth services | ||
| 700 | _aAlexander, Elizabeth | ||
| 773 | _aBritish Journal of Political Science | ||
| 909 | _a36259 | ||
| 999 |
_c36259 _d36259 |
||